روح ادب کے ڑرامے (Record no. 172371)

MARC details
000 -LEADER
fixed length control field 00435nam a22001697a 4500
005 - DATE AND TIME OF LATEST TRANSACTION
control field 20200317154112.0
010 ## - LCCN (DPL NO)
LC control number A-842639
020 ## - INTERNATIONAL STANDARD BOOK NUMBER
Terms of availability 6.00
035 ## - SYSTEM CONTROL NUMBER
System control number A-842639
037 ## - SOURCE OF ACQUISITION
Source of stock number/acquisition BPPD/Pub.
082 ## - DEWEY DECIMAL CLASSIFICATION NUMBER
Classification number 842
245 ## - TITLE STATEMENT
Title روح ادب کے ڑرامے
246 ## - VARYING FORM OF TITLE
Title proper/short title Rooh-e-Adab ke Drame
260 ## - PUBLICATION, DISTRIBUTION, ETC. (IMPRINT)
Place of publication, distribution, etc -
Name of publisher, distributor, etc Maghribi Bangal Urdu Academy
Date of publication, distribution, etc 1987 ء
300 ## - PHYSICAL DESCRIPTION
Extent 90p.
Dimensions 20cm(Hb)
942 ## - ADDED ENTRY ELEMENTS (KOHA)
Source of classification or shelving scheme Dewey Decimal Classification
Item type Urdu Bks
Classification part 842
Call number suffix ر و ح
Holdings
Withdrawn status Lost status Not for loan Collection code Home library Current library Date acquired Source of acquisition Cost, normal purchase price Full call number Barcode Copy number Cost, replacement price Koha item type
      Non-fiction Central Library Central Library 04/02/2020 BPPD/Ven. 6.00 842 ر و ح A-842639 1 6.00 Urdu Bks

© Delhi Public Library
Hit Counter
free hit counter